Statistiques concernant 20 plus grands départements français - Carte Quiz.

Cliquez ici pour prendre le quiz!

Statistiques générales

  • Ce quiz a été pris 296 fois
  • Le résultat moyen est 16 sur 20

Réponses sur la Carte

Les réponses sont colorées sur une échelle allant du rouge au vert en fonction du pourcentage des utilisateurs qui les ont devinées à leur premier essai. Vous pouvez retrouver ces pourcentages ci-dessous.
 

Statistiques - réponses

Réponse% Correct
Guyane
95%
Gironde
91%
Pyrénées-Atlantiques
90%
Landes
89%
Alpes-de-Haute-Provence
87%
Côtes-d'Armor
86%
Dordogne
86%
Charente-Maritime
84%
Aveyron
83%
Isère
81%
Aisne
80%
Côte-d'Or
79%
Allier
78%
Maine-et-Loire
78%
Puy-de-Dôme
78%
Marne
77%
Cher
76%
Saône-et-Loire
76%
Vienne
76%
Yonne
73%

Distribution des résultats

Percentile par nombre de réponses

% des personnes avec chaque résultat

Votre développement - résultats

Vous n’avez pas pris ce quiz